000 00455pam a2200157 a 4500
020 _a9781451130584
_c
041 _h
082 _a617.3
_bIAN / WIL
100 _aIANNOTTI J.P.,WILLIAMS G.R.
245 _aDISORDER OF THE SHOULDER DIAGNOSIS AND MANAGEMENT SPORTS INJURIES VOL.II + ONLINE
_hTextual Documents
250 _a3.
260 _bJAYPEE BROTHERS MEDICAL PUB.
_c2014
300 _a554:
_bXV;
_cHB+
_eONLINE .
930 _a6433
999 _c800960
_d800960
650 _aORTHO